00809cam a2200241 a 450000100090000000300040000900500170001300800410003001000170007102000150008804000180010305000240012108200140014510000290015924501070018825000120029526000510030730000520035850400640041065000440047470000200051870000290053813428446OSt20151125111254.0031208s2005 maua b 001 0 eng  a 2003063894 a0205417922 aDLCcDLCdDLC00aBF637.C45bB43 200500a153.62221 aBeebe, Steven A.,d1950-10aInterpersonal communication :brelating to others /cSteven A. Beebe, Susan J. Beebe, Mark V. Redmond. a4th ed. aBoston, MA :bPearson/Allyn and Bacon,cc2005. axxviii, 419 p. :bill. (chiefly col.) ;c26 cm. aIncludes bibliographical references (p. 381-398) and index. 0aInterpersonal communicationvTextbooks.1 aBeebe, Susan J.1 aRedmond, Mark V.,d1949-